UBT Library

America's new democracy / (Record no. 40943)

000 -LEADER
fixed length control field 00874cam a2200277 a 4500
001 - CONTROL NUMBER
control field 14889808
005 - DATE AND TIME OF LATEST TRANSACTION
control field 20180125073132.0
008 - FIXED-LENGTH DATA ELEMENTS--GENERAL INFORMATION
fixed length control field 070613s2008 nyuab b 001 0 eng
010 ## - LIBRARY OF CONGRESS CONTROL NUMBER
LC control number 2007024586
020 ## - INTERNATIONAL STANDARD BOOK NUMBER
International Standard Book Number 9780205572489
020 ## - INTERNATIONAL STANDARD BOOK NUMBER
International Standard Book Number 0205572480
035 ## - SYSTEM CONTROL NUMBER
System control number (OCoLC)ocn144570955
035 ## - SYSTEM CONTROL NUMBER
System control number (OCoLC)144570955
Canceled/invalid control number (OCoLC)144225681
040 ## - CATALOGING SOURCE
Original cataloging agency DLC
Transcribing agency DLC
Modifying agency YDX
-- BAKER
-- YDXCP
-- BTCTA
-- DLC
041 ## - LANGUAGE CODE
Language code of text/sound track or separate title eng
043 ## - GEOGRAPHIC AREA CODE
Geographic area code n-us---
080 ## - UNIVERSAL DECIMAL CLASSIFICATION NUMBER
Universal Decimal Classification number 320.473 FIO
082 00 - DEWEY DECIMAL CLASSIFICATION NUMBER
Classification number 320.473 FIO
Edition number 22
100 ## - Rafti
Rafti 19
101 ## - Shkurtesa
Shkurtesa POL
245 00 - TITLE STATEMENT
Title America's new democracy /
Statement of responsibility, etc Morris P. Fiorina ... [et al.].
504 ## - BIBLIOGRAPHY, ETC. NOTE
Bibliography, etc Includes bibliographical references (p. 516-565) and indexes.
906 ## - LOCAL DATA ELEMENT F, LDF (RLIN)
a 7
b cbc
c orignew
d 1
e ecip
f 20
g y-gencatlg
942 ## - ADDED ENTRY ELEMENTS (KOHA)
Source of classification or shelving scheme
Item type Books
Holdings
Withdrawn status Lost status Source of classification or shelving scheme Damaged status Not for loan Collection code Permanent location Current location Shelving location Date acquired Total Checkouts Full call number Barcode Date last seen Price effective from Koha item type
          Koleksioni i përgjithshem UBT - Lipjan UBT - Lipjan Koleksioni i përgjithshem 01/25/2018   320.473 FIO 002-2996501 01/25/2018 01/25/2018 Books
UBT Library © 2015-2024. All rights reserved University Education for Business and Technology